| 000 | 01269nab a22002897a 4500 | ||
|---|---|---|---|
| 999 |
_c6378 _d6378 |
||
| 003 | OSt | ||
| 005 | 20260201145512.0 | ||
| 008 | 190506c xxu||||| |||| 00| 0 spa d | ||
| 040 | _cPJ | ||
| 100 |
_97019 _aCarbonero, Natalia Jacqueline |
||
| 245 | 1 | 0 |
_aRelación de dependencia desde una perspectiva histórica / _cNatalia Jacqueline Carbonero, Federico Savizki. |
| 260 |
_aBuenos Aires : _bAbeledoPerrot, _c2023. |
||
| 300 | _ap. 14-17 | ||
| 500 | _aCita: TR LALEY AR/DOC/1462/2023 | ||
| 505 | _aSumario: I. Antecedentes históricos del trabajo y evolución.— II. Hacia una noción de dependencia.— III. Análisis de los fallos de la CSJN "Cairone" y "Rica".— IV. Bibliografía. | ||
| 505 | _t¿Te interesa el texto completo? Comunicate al correo: koha@justierradelfuego.gov.ar | ||
| 650 | 0 |
_91316 _aDERECHO LABORAL |
|
| 650 | 0 |
_91803 _aRELACIONES LABORALES |
|
| 650 | 0 |
_94428 _aRELACIÓN DE DEPENDENCIA |
|
| 650 | 0 |
_91803 _aRELACIONES LABORALES |
|
| 650 | 0 |
_91577 _aDISCRIMINACION LABORAL |
|
| 650 | 0 |
_95130 _aVIOLENCIA LABORAL |
|
| 650 | 0 |
_aMOBBING _91578 |
|
| 700 |
_97020 _aSavizki, Federico |
||
| 773 | 0 |
_02751 _93202 _dBuenos Aires : AbeledoPerrot, 2013- _tRevista de derecho laboral y seguridad social. Nº 15- Agosto 2023 |
|
| 942 |
_2udc _cANA |
||